| 000 | 01504nam a2200373 a 4500 | ||
|---|---|---|---|
| 001 | ebr10417552 | ||
| 003 | CaPaEBR | ||
| 006 | m u | ||
| 007 | cr cn||||||||| | ||
| 008 | 100622s2010 ne a sb 001 0 eng d | ||
| 010 | _z 2010025972 | ||
| 020 | _z9789027222541 (Hb ; alk. paper) | ||
| 020 | _z9789027287823 (e-book) | ||
| 040 |
_aCaPaEBR _cCaPaEBR |
||
| 035 | _a(OCoLC)673664200 | ||
| 050 | 1 | 4 |
_aP321 _b.E46 2010eb |
| 082 | 0 | 4 |
_a417/.7 _222 |
| 245 | 0 | 4 |
_aThe emergence of protolanguage _h[electronic resource] : _bholophrasis vs compositionality / _cedited by Michael A. Arbib and Derek Bickerton. |
| 260 |
_aAmsterdam ; _aPhiladelphia : _bJohn Benjamins Pub. Co., _c2010. |
||
| 300 |
_axi, 181 p. : _bill. (some col.). |
||
| 490 | 1 |
_aBenjamins current topics ; _vv. 24 |
|
| 504 | _aIncludes bibliographical references and indexes. | ||
| 533 |
_aElectronic reproduction. _bPalo Alto, Calif. : _cebrary, _d2011. _nAvailable via World Wide Web. _nAccess may be limited to ebrary affiliated libraries. |
||
| 650 | 0 |
_aLanguage and languages _xEtymology. |
|
| 650 | 0 | _aLanguage acquisition. | |
| 650 | 0 | _aHuman evolution. | |
| 650 | 0 | _aHistorical linguistics. | |
| 655 | 7 |
_aElectronic books. _2local |
|
| 700 | 1 | _aArbib, Michael A. | |
| 700 | 1 | _aBickerton, Derek. | |
| 710 | 2 | _aebrary, Inc. | |
| 830 | 0 |
_aBenjamins current topics ; _vv. 24. |
|
| 856 | 4 | 0 |
_uhttp://site.ebrary.com/lib/rucke/Doc?id=10417552 _zAn electronic book accessible through the World Wide Web; click to view |
| 999 |
_c187256 _d187256 |
||